000 01035nam2a22002291 4500
001 rc\165795
005 20250612175455.0
010 _a5-85886-014-1
_9100000
035 _a(NLR Aleph) 008765486
090 _a7891496
_c7891496
100 _a20030307d1991 |||y0rusy50 ca
101 0 _arus
102 _aRU
105 _aa |||||||||
200 0 _a[Т.] 2
_fПер. Т. Кудрявцевой
215 _a606, [1] с.
_cил.
_d22
461 0 _1001rc\165793
_12001#$aУнесенные ветром$eРоман$e[В 2 т.]$eПер. с англ.$fМаргарет Митчелл$g[Вступ. ст. П. Палиевского$gХудож. С. Майоров]$v[Т.] 2
_1700#1$aМитчелл$bМ.$gМаргарет$f1900-1949
_97893368
_aМитчелл, М. (1900-1949)
_cКишинев
_d1991-
_fМаргарет Митчелл
_nLogos
_oРоман : [В 2 т.] : Пер. с англ.
_tУнесенные ветром
_v[Т.] 2
801 0 _aRU
_bNLR
_gpsbo
801 1 _aRU
_bELAR
_2rusmarc
852 _aNLR
_j91-3/4365
942 _cBOOK
980 _aNB